रंग बसन्ती / (Record no. 117053)

MARC details
000 -LEADER
fixed length control field 00825nam a22002537a 4500
005 - DATE AND TIME OF LATEST TRANSACTION
control field 20170124103048.0
010 ## - LIBRARY OF CONGRESS CONTROL NUMBER
LC control number B-101200
020 ## - INTERNATIONAL STANDARD BOOK NUMBER
Terms of availability 00.00
035 ## - SYSTEM CONTROL NUMBER
System control number B-101200
037 ## - SOURCE OF ACQUISITION
Source of stock number/acquisition Cen Lib/Ret
040 ## - CATALOGING SOURCE
Original cataloging agency DPL
Language of cataloging HN
082 ## - DEWEY DECIMAL CLASSIFICATION NUMBER
Classification number
Item number सहग
100 ## - MAIN ENTRY--PERSONAL NAME
Personal name सहगल, प्रताप
9 (RLIN) 69824
245 ## - TITLE STATEMENT
Title रंग बसन्ती /
Statement of responsibility, etc प्रताप सहगल
246 ## - VARYING FORM OF TITLE
Title proper/short title Rang basanti /
Remainder of title by Pratap Sahgal
260 ## - PUBLICATION, DISTRIBUTION, ETC. (IMPRINT)
Place of publication, distribution, etc दिल्ली
Name of publisher, distributor, etc पराग प्रकाशन
270 ## - ADDRESS
City दिल्ली
Postal code 110032
300 ## - PHYSICAL DESCRIPTION
Extent 104पृ.
Dimensions 17सेमी (सजिल्द)
650 ## - SUBJECT ADDED ENTRY--TOPICAL TERM
Topical term or geographic name as entry element हिन्दी साहित्य
9 (RLIN) 69825
650 ## - SUBJECT ADDED ENTRY--TOPICAL TERM
Topical term or geographic name as entry element नाटक
9 (RLIN) 69826
650 ## - SUBJECT ADDED ENTRY--TOPICAL TERM
Topical term or geographic name as entry element Hindi literature
9 (RLIN) 69827
650 ## - SUBJECT ADDED ENTRY--TOPICAL TERM
Topical term or geographic name as entry element Play
9 (RLIN) 69828
942 ## - ADDED ENTRY ELEMENTS (KOHA)
Source of classification or shelving scheme Dewey Decimal Classification
Koha item type Hindi Books
Classification part
Call number suffix सहग
Holdings
Withdrawn status Lost status Damaged status Not for loan Home library Current library Date acquired Source of acquisition Cost, normal purchase price Total Checkouts Full call number Barcode Date last seen Copy number Cost, replacement price Price effective from Koha item type
        Central Library Central Library 26/08/2015 Cen Lib/Ret 0.00   न सहग B-101200 26/08/2015 1 0.00 26/08/2015 Hindi Books

© Delhi Public Library
Hit Counter
free hit counter